Statistics for Countries with the Most Major Earthquakes

Click here to take the quiz!

General Stats

  • This quiz has been taken 49,436 times
    (13,582 since last reset)
  • The average score is 8 of 10

Answer Stats

# Country % Correct
16Japan
98%
18United States
97%
9China
93%
28Indonesia
89%
11Mexico
85%
13Russia
80%
21Chile
79%
8Philippines
75%
15Peru
66%
10Papua New Guinea
39%

Score Distribution

Percentile by Number Answered

Percent of People with Each Score

Your Score History

You have not taken this quiz since the last reset